[Event "1. Bundesliga 2015/2016"]
[Site "St. Veit/Glan"]
[Date "2016.02.28"]
[Round "8"]
[Board "5"]
[White "Tischbierek, Raj"]
[Black "Anistratov, Dmitrij"]
[Result "0-1"]
[WhiteElo "2442"]
[BlackElo "2287"]
[PlyCount "96"]
[EventDate "2015.11.05"]
[EventType "team"]
[EventRounds "11"]
[EventCountry "AUT"]
[WhiteTeam "SIR Royal Salzburg"]
[BlackTeam "Schachclub Sparkasse Goetzis"]

1.g3 d6 2.Bg2 g6 3.d4 Bg7 4.e4 e5 5.Ne2 Ne7 6.O-O O-O 7.Nbc3 Nd7 8.f4 f5 9.Kh1 exd4
10.Nxd4 Nc5 11.Be3 Nxe4 12.Nxe4 fxe4 13.Bxe4 d5 14.Bg2 c5 15.Nf3 d4 16.Bf2 Be6 17.Re1
Bd5 18.c3 Nf5 19.cxd4 Nxd4 20.Bxd4 cxd4 21.Rc1 Qd6 22.Ng5 Rae8 23.Ne4 Qd8 24.Qd3 Kh8
25.h4 Bg8 26.b3 b6 27.Bf3 Qd7 28.Kg2 Be6 29.Ng5 Bf5 30.Be4 Bxe4+ 31.Nxe4 Qf5 32.Nf2
Qd7 33.Re4 Rc8 34.Ree1 Qd5+ 35.Ne4 Rfe8 36.Rxc8 Rxc8 37.Kh2 Qf5 38.Re2 h6 39.Nf2 Qxd3
40.Nxd3 Rc3 41.Rd2 Kg8 42.Kg2 Kf7 43.Kf3 h5 44.Ke4 Ke6 45.Rg2 Bf6 46.Rf2 a5 47.f5+
gxf5+ 48.Rxf5 Rxd3 0-1

[Event "1. Bundesliga 2015/2016"]
[Site "St. Veit/Glan"]
[Date "2016.02.28"]
[Round "8"]
[Board "6"]
[White "Schloetzer, Waldemar"]
[Black "Pitl, Gregory"]
[Result "1/2-1/2"]
[WhiteElo "2282"]
[BlackElo "2396"]
[PlyCount "60"]
[EventDate "2015.11.05"]
[EventType "team"]
[EventRounds "11"]
[EventCountry "AUT"]
[WhiteTeam "Schachclub Sparkasse Goetzis"]
[BlackTeam "SIR Royal Salzburg"]

1.d4 d5 2.c4 dxc4 3.e3 e5 4.Bxc4 exd4 5.exd4 Bd6 6.Nf3 Nf6 7.O-O O-O 8.h3 Nc6 9.Nc3
h6 10.Re1 Bf5 11.d5 Ne7 12.Nd4 Bd7 13.Be3 a6 14.Bb3 Nf5 15.Nxf5 Bxf5 16.Qf3 Bg6 17.Rac1
Nd7 18.Bc2 Ne5 19.Qe2 Re8 20.Ne4 Rc8 21.g3 Bb4 22.Red1 Qe7 23.a3 Bd6 24.Kg2 Rcd8 25.Rd2
Nc4 26.Qxc4 Bxe4+ 27.Bxe4 Qxe4+ 28.Qxe4 Rxe4 29.Kf3 Re7 30.Rc4 Be5 1/2-1/2

[Event "1. Bundesliga 2015/2016"]
[Site "St. Veit/Glan"]
[Date "2016.02.28"]
[Round "8"]
[Board "1"]
[White "Prohaszka, Peter"]
[Black "Ragger, Markus"]
[Result "1/2-1/2"]
[WhiteElo "2598"]
[BlackElo "2697"]
[PlyCount "60"]
[EventDate "2015.11.05"]
[EventType "team"]
[EventRounds "11"]
[EventCountry "AUT"]
[WhiteTeam "SV Jacques Lemans St. Veit"]
[BlackTeam "SC MPOE Maria Saal"]

1.d4 Nf6 2.c4 g6 3.Nc3 d5 4.Nf3 Bg7 5.Bf4 O-O 6.Rc1 dxc4 7.e3 Be6 8.Ng5 Bd5 9.e4 h6
10.exd5 hxg5 11.Bxg5 Nxd5 12.Bxc4 Nb6 13.Bb3 Nc6 14.Ne2 a5 15.a4 Rc8 16.O-O Nxd4 17.Nxd4
Qxd4 18.Bxe7 Rfe8 19.Bc5 Qxd1 20.Rfxd1 Bxb2 21.Rc2 Bf6 22.g3 Rcd8 23.Rxd8 Bxd8 24.Bxb6
cxb6 25.Rd2 Bf6 26.Rd7 Re7 27.Rxe7 Bxe7 28.Bc4 Kg7 29.Kg2 g5 30.Bb5 Bc5 1/2-1/2

[Event "1. Bundesliga 2015/2016"]
[Site "St. Veit/Glan"]
[Date "2016.02.28"]
[Round "8"]
[Board "2"]
[White "Predojevic, Borki"]
[Black "Bosiocic, Marin"]
[Result "1/2-1/2"]
[WhiteElo "2654"]
[BlackElo "2564"]
[PlyCount "66"]
[EventDate "2015.11.05"]
[EventType "team"]
[EventRounds "11"]
[EventCountry "AUT"]
[WhiteTeam "SC MPOE Maria Saal"]
[BlackTeam "SV Jacques Lemans St. Veit"]

1.e4 e5 2.Nf3 Nc6 3.Bb5 a6 4.Ba4 Nf6 5.O-O Be7 6.Re1 b5 7.Bb3 O-O 8.c3 d5 9.exd5 Nxd5
10.Nxe5 Nxe5 11.Rxe5 c6 12.d3 Bd6 13.Re1 Bf5 14.Qf3 Qf6 15.Bxd5 cxd5 16.Bf4 Bxf4 17.Qxf4
d4 18.cxd4 Rad8 19.Nc3 Rxd4 20.Ne4 Bxe4 21.Qxf6 gxf6 22.dxe4 Rd2 23.a4 Rxb2 24.axb5
axb5 25.Rab1 Rxb1 26.Rxb1 Rc8 27.g3 Rc5 28.f4 f5 29.exf5 Rxf5 30.Kf2 Kg7 31.Ke3 Rh5
32.g4 Rh3+ 33.Ke4 Rxh2 1/2-1/2

[Event "1. Bundesliga 2015/2016"]
[Site "St. Veit/Glan"]
[Date "2016.02.28"]
[Round "8"]
[Board "3"]
[White "Rogic, Davor"]
[Black "Buhmann, Rainer"]
[Result "0-1"]
[WhiteElo "2532"]
[BlackElo "2645"]
[PlyCount "61"]
[EventDate "2015.11.05"]
[EventType "team"]
[EventRounds "11"]
[EventCountry "AUT"]
[WhiteTeam "SV Jacques Lemans St. Veit"]
[BlackTeam "SC MPOE Maria Saal"]

1.e4 e6 2.d4 d5 3.Nd2 c5 4.exd5 Qxd5 5.Ngf3 cxd4 6.Bc4 Qd7 7.O-O Nc6 8.Nb3 Nf6 9.Nbxd4
Nxd4 10.Nxd4 a6 11.Bf4 b5 12.Bb3 Bc5 13.Be5 O-O 14.c3 Bb7 15.Qe2 Nd5 16.Qg4 g6 17.Rad1
Bd6 18.Rfe1 Rad8 19.h4 Bxe5 20.Rxe5 Qe7 21.Rde1 Qf6 22.g3 b4 23.h5 bxc3 24.hxg6 hxg6
25.bxc3 Kg7 26.f4 Nc7 27.Rc5 Nd5 28.Re5 Rd6 29.Nf3 Rh8 30.Nh4 Nxf4 31.Nf3 0-1

[Event "1. Bundesliga 2015/2016"]
[Site "St. Veit/Glan"]
[Date "2016.02.28"]
[Round "8"]
[Board "4"]
[White "Naumann, Alexander"]
[Black "Koop, Thorben"]
[Result "1-0"]
[WhiteElo "2555"]
[BlackElo "2423"]
[PlyCount "81"]
[EventDate "2015.11.05"]
[EventType "team"]
[EventRounds "11"]
[EventCountry "AUT"]
[WhiteTeam "SC MPOE Maria Saal"]
[BlackTeam "SV Jacques Lemans St. Veit"]

1.d4 Nf6 2.c4 c5 3.d5 b5 4.cxb5 a6 5.bxa6 g6 6.Nc3 Bg7 7.e4 O-O 8.Nf3 Qa5 9.Nd2 Bxa6
10.Be2 Bxe2 11.Qxe2 Qa6 12.Nc4 e6 13.O-O exd5 14.exd5 Re8 15.Qd3 d6 16.Bf4 Nbd7 17.Rad1
Nh5 18.Bxd6 Bd4 19.a4 Nb6 20.Nb5 Nxd5 21.Nxd4 Nhf4 22.Bxf4 Nxf4 23.Qf3 Qxc4 24.Qxf4
Qxa4 25.Qf6 Ra6 26.Qh4 Rd6 27.b4 cxd4 28.Rxd4 Rxd4 29.Qxd4 Qb3 30.h4 h5 31.Rc1 Rb8
32.Kh2 Kh7 33.Rc4 Qb1 34.Qf6 Qf5 35.Qxf5 gxf5 36.Kg3 Kg6 37.Kf4 Kf6 38.Ke3 Ke5 39.g3
Ra8 40.Rc5+ Ke6 41.Kf4 1-0

[Event "1. Bundesliga 2015/2016"]
[Site "St. Veit/Glan"]
[Date "2016.02.28"]
[Round "8"]
[Board "5"]
[White "Hoelzl, Franz"]
[Black "Kreisl, Robert"]
[Result "1/2-1/2"]
[WhiteElo "2327"]
[BlackElo "2435"]
[PlyCount "85"]
[EventDate "2015.11.05"]
[EventType "team"]
[EventRounds "11"]
[EventCountry "AUT"]
[WhiteTeam "SV Jacques Lemans St. Veit"]
[BlackTeam "SC MPOE Maria Saal"]

1.Nf3 Nf6 2.c4 c5 3.g3 b6 4.Bg2 Bb7 5.O-O g6 6.b3 Bg7 7.Bb2 O-O 8.Nc3 Na6 9.Qb1 e6
10.Rd1 d5 11.cxd5 exd5 12.d4 Qe7 13.e3 Ne4 14.Nxe4 dxe4 15.Ne5 cxd4 16.exd4 f5 17.Rd2
Rfd8 18.Qe1 Nb4 19.Bf1 Rac8 20.Bc4+ Bd5 21.Rc1 Bxc4 22.Rxc4 Rxc4 23.Nxc4 b5 24.Na3
a6 25.Nc2 Nxc2 26.Rxc2 Bxd4 27.Bxd4 Rxd4 28.Qa5 e3 29.Rc8+ Kf7 30.Rc7 exf2+ 31.Kxf2
Rd2+ 32.Kf3 Rd3+ 33.Kf2 Rd2+ 34.Kf3 Rd3+ 35.Kf2 Rd7 36.Rxd7 Qxd7 37.Qxa6 Qd2+ 38.Kf3
Qd3+ 39.Kf2 Qc2+ 40.Kf3 Qd3+ 41.Kf2 Qd2+ 42.Kf3 Qd5+ 43.Kf2 1/2-1/2

[Event "1. Bundesliga 2015/2016"]
[Site "St. Veit/Glan"]
[Date "2016.02.28"]
[Round "8"]
[Board "6"]
[White "Tomazini, Zan"]
[Black "Ceschia, Ivano"]
[Result "1-0"]
[WhiteElo "2428"]
[BlackElo "2253"]
[PlyCount "113"]
[EventDate "2015.11.05"]
[EventType "team"]
[EventRounds "11"]
[EventCountry "AUT"]
[WhiteTeam "SC MPOE Maria Saal"]
[BlackTeam "SV Jacques Lemans St. Veit"]

1.e4 e6 2.d4 d5 3.Nd2 c5 4.Ngf3 Nf6 5.e5 Nfd7 6.c3 Nc6 7.Bd3 b6 8.O-O cxd4 9.Bb5 Ndb8
10.cxd4 Ba6 11.a4 Be7 12.Nb1 O-O 13.Bd2 Bxb5 14.axb5 Na5 15.Qa4 a6 16.Rc1 Qd7 17.bxa6
Qxa4 18.Rxa4 Rxa6 19.Rc7 Bd8 20.Rc8 b5 21.Ra3 Bb6 22.Rxb8 Rxb8 23.b4 Rba8 24.bxa5
Bxa5 25.Bxa5 Rxa5 26.Rb3 Rc8 27.Kf1 f6 28.Ke2 Kf7 29.Nbd2 Ke7 30.Rb2 Rca8 31.h4 Kd7
32.Kd3 Ra3+ 33.Nb3 Ra2 34.Nc5+ Ke7 35.Kc2 Rxb2+ 36.Kxb2 Rf8 37.Nd3 Rc8 38.Nd2 Rf8
39.f3 Kf7 40.Nb3 Ra8 41.Nbc5 Rc8 42.Kb3 h5 43.Kb4 Ra8 44.Nf4 Ra2 45.Ncxe6 Rb2+ 46.Kc3
Rb1 47.Nd8+ Ke8 48.Nb7 fxe5 49.dxe5 b4+ 50.Kc2 Re1 51.e6 Ke7 52.Nc5 Kd6 53.Ncd3 Rh1
54.Nxb4 Rxh4 55.e7 Kd7 56.Nbxd5 g5 57.Ng6 1-0

[Event "1. Bundesliga 2015/2016"]
[Site "St. Veit/Glan"]
[Date "2016.02.28"]
[Round "8"]
[Board "1"]
[White "Luther, Thomas"]
[Black "Schmidt, Peter"]
[Result "1/2-1/2"]
[WhiteElo "2558"]
[BlackElo "2386"]
[PlyCount "62"]
[EventDate "2015.11.05"]
[EventType "team"]
[EventRounds "11"]
[EventCountry "AUT"]
[WhiteTeam "Schachklub Absam"]
[BlackTeam "Spg Sauwald"]

1.e4 d6 2.d4 Nf6 3.Nc3 e5 4.Nf3 Nbd7 5.Bc4 Be7 6.O-O O-O 7.a4 c6 8.Re1 exd4 9.Nxd4
Ne5 10.Bf1 Re8 11.h3 Bd7 12.Bf4 Bf8 13.Bg3 c5 14.Ndb5 Bc6 15.f4 Ng6 16.e5 dxe5 17.fxe5
Nd7 18.e6 Rxe6 19.Rxe6 fxe6 20.Nc7 Rc8 21.Nxe6 Qf6 22.Nxf8 Rxf8 23.Qd6 Qg5 24.Re1
h5 25.Qe6+ Kh8 26.Qe3 Nf4 27.Bxf4 Rxf4 28.g3 Rxf1+ 29.Kxf1 Qf5+ 30.Qf2 Qxh3+ 31.Ke2
Ne5 1/2-1/2

[Event "1. Bundesliga 2015/2016"]
[Site "St. Veit/Glan"]
[Date "2016.02.28"]
[Round "8"]
[Board "2"]
[White "Testor, Sebastian"]
[Black "Bayer, Bernhard"]
[Result "0-1"]
[WhiteElo "2330"]
[BlackElo "2429"]
[PlyCount "72"]
[EventDate "2015.11.05"]
[EventType "team"]
[EventRounds "11"]
[EventCountry "AUT"]
[WhiteTeam "Spg Sauwald"]
[BlackTeam "Schachklub Absam"]

1.d4 Nf6 2.c4 e6 3.Nf3 b6 4.g3 Ba6 5.Nbd2 c5 6.e4 cxd4 7.Nxd4 Bb7 8.Bg2 Bc5 9.N4b3
Be7 10.O-O e5 11.Nb1 Qc7 12.Nc3 Qxc4 13.Bg5 Na6 14.Rc1 Qe6 15.Nd5 h6 16.Nxe7 hxg5
17.Nf5 O-O 18.Nd6 Bc6 19.Qd2 Nc7 20.Rfd1 Nce8 21.Nxe8 Rfxe8 22.f3 g4 23.fxg4 Qxg4
24.Qe1 Rac8 25.h3 Qg6 26.Rd6 Re6 27.Rxe6 fxe6 28.Nd2 Nh5 29.Kh2 Qh6 30.Nf3 Qf6 31.Qb4
Nxg3 32.Rxc6 Rxc6 33.Kxg3 Qf4+ 34.Kf2 Rc2+ 35.Kg1 Qg3 36.Ne1 Re2 0-1

[Event "1. Bundesliga 2015/2016"]
[Site "St. Veit/Glan"]
[Date "2016.02.28"]
[Round "8"]
[Board "3"]
[White "Dizdar, Goran"]
[Black "Hiermann, Dietmar"]
[Result "1-0"]
[WhiteElo "2512"]
[BlackElo "2270"]
[PlyCount "81"]
[EventDate "2015.11.05"]
[EventType "team"]
[EventRounds "11"]
[EventCountry "AUT"]
[WhiteTeam "Schachklub Absam"]
[BlackTeam "Spg Sauwald"]

1.Nf3 d5 2.g3 Bg4 3.Bg2 Nd7 4.c4 e6 5.cxd5 exd5 6.h3 Bxf3 7.Bxf3 c6 8.O-O Ngf6 9.d3
Bd6 10.Nc3 O-O 11.e4 dxe4 12.dxe4 Qc7 13.Bg2 Rfe8 14.Qc2 Nf8 15.Be3 Rac8 16.f4 N6d7
17.e5 Bc5 18.Bxc5 Nxc5 19.b4 Nce6 20.Ne4 Red8 21.Kh2 Nd4 22.Qc3 Nf5 23.Rad1 Qb6 24.Nc5
Qc7 25.h4 Rb8 26.Be4 Nh6 27.Bc2 Ng4+ 28.Kg2 h5 29.Bb3 Qe7 30.Rfe1 Rxd1 31.Rxd1 Nh6
32.e6 fxe6 33.Qe5 Re8 34.Qxh5 b6 35.Nxe6 Nxe6 36.f5 Kh8 37.fxe6 Rf8 38.Qg6 Rf6 39.Qe4
Ng8 40.Rd7 Qe8 41.e7 1-0

[Event "1. Bundesliga 2015/2016"]
[Site "St. Veit/Glan"]
[Date "2016.02.28"]
[Round "8"]
[Board "4"]
[White "Hellmayr, Alois"]
[Black "Rotstein, Arkadij"]
[Result "0-1"]
[WhiteElo "2248"]
[BlackElo "2513"]
[PlyCount "56"]
[EventDate "2015.11.05"]
[EventType "team"]
[EventRounds "11"]
[EventCountry "AUT"]
[WhiteTeam "Spg Sauwald"]
[BlackTeam "Schachklub Absam"]

1.Nf3 g6 2.d4 Bg7 3.g3 d6 4.Bg2 Nd7 5.O-O e5 6.e4 Ne7 7.Nc3 O-O 8.a4 exd4 9.Nxd4 Nc6
10.Nxc6 bxc6 11.f4 Rb8 12.Qf3 Nc5 13.Rd1 Qe7 14.e5 Bd7 15.b3 dxe5 16.Ba3 exf4 17.Rxd7
Qxd7 18.Bxc5 Bd4+ 19.Bxd4 Qxd4+ 20.Kf1 Qd2 21.Qxc6 Qxc2 22.Re1 Rxb3 23.Nb5 Qd3+ 24.Kg1
f3 25.Bf1 Qd2 26.Re8 Rb2 27.Rxf8+ Kxf8 28.Qc5+ Kg8 0-1

[Event "1. Bundesliga 2015/2016"]
[Site "St. Veit/Glan"]
[Date "2016.02.28"]
[Round "8"]
[Board "5"]
[White "Deglmann, Ludwig"]
[Black "Renner, Christoph"]
[Result "0-1"]
[WhiteElo "2320"]
[BlackElo "2326"]
[PlyCount "42"]
[EventDate "2015.11.05"]
[EventType "team"]
[EventRounds "11"]
[EventCountry "AUT"]
[WhiteTeam "Schachklub Absam"]
[BlackTeam "Spg Sauwald"]

1.d4 Nf6 2.c4 d6 3.Nc3 e5 4.d5 Bf5 5.f3 e4 6.Qd4 c5 7.Qe3 Be7 8.g4 Bg6 9.g5 Nfd7 10.Nxe4
O-O 11.Ng3 Na6 12.a3 f6 13.h4 fxg5 14.hxg5 Ne5 15.f4 Bxg5 16.fxg5 Qa5+ 17.Qc3 Nb4
18.axb4 Qxa1 19.b5 Rae8 20.Kd1 Ng4 21.Nh3 Re3 0-1

[Event "1. Bundesliga 2015/2016"]
[Site "St. Veit/Glan"]
[Date "2016.02.28"]
[Round "8"]
[Board "6"]
[White "Taggatz, Mario"]
[Black "De Francesco, Klaus"]
[Result "1-0"]
[WhiteElo "2209"]
[BlackElo "2275"]
[PlyCount "135"]
[EventDate "2015.11.05"]
[EventType "team"]
[EventRounds "11"]
[EventCountry "AUT"]
[WhiteTeam "Spg Sauwald"]
[BlackTeam "Schachklub Absam"]

1.d4 Nf6 2.Nf3 g6 3.c3 Bg7 4.Bg5 d5 5.e3 c5 6.Nbd2 cxd4 7.exd4 h6 8.Bf4 Qb6 9.Qb3
Qxb3 10.axb3 Nc6 11.b4 g5 12.Bg3 Nh5 13.Nb3 Nxg3 14.hxg3 g4 15.Nfd2 e5 16.b5 Nd8 17.dxe5
Bxe5 18.Bd3 Ne6 19.O-O O-O 20.Rfe1 Bd6 21.Nf1 Nc5 22.Bc2 Be6 23.Nd4 Rfe8 24.Ne3 h5
25.Nxe6 Rxe6 26.Nxd5 Kg7 27.Rxe6 fxe6 28.Nb6 Rd8 29.Nc4 Bb8 30.b4 Nd7 31.Rd1 Bc7 32.Na5
Nb6 33.Rxd8 Bxd8 34.c4 Be7 35.c5 Nd5 36.Nxb7 Nxb4 37.Be4 Bf6 38.c6 Be5 39.Nc5 Kf7
40.Kf1 Bc7 41.Ke2 Ke7 42.f4 gxf3+ 43.Kxf3 Bd6 44.Nd7 Bc7 45.g4 h4 46.g5 Na2 47.g6
Nc3 48.Bd3 Nd5 49.Kg4 Ne3+ 50.Kxh4 Nxg2+ 51.Kg5 Bf4+ 52.Kh5 Ne3 53.Nc5 Nd5 54.Na6
Nf6+ 55.Kh4 Ne8 56.Kg4 Be5 57.Kg5 Bg7 58.Bf1 Kd6 59.Bh3 e5 60.Kf5 Ke7 61.c7 Nd6+ 62.Kg5
e4 63.c8=Q Nxc8 64.Bxc8 e3 65.Bg4 Kd6 66.Kf5 Kd5 67.Be2 Kd4 68.Nc7 1-0

[Event "1. Bundesliga 2015/2016"]
[Site "Jenbach"]
[Date "2016.03.31"]
[Round "9"]
[Board "1"]
[White "Schmidt, Peter"]
[Black "Poetsch, Hagen"]
[Result "1/2-1/2"]
[WhiteElo "2386"]
[BlackElo "2521"]
[PlyCount "91"]
[EventDate "2015.11.05"]
[EventType "team"]
[EventRounds "11"]
[EventCountry "AUT"]
[WhiteTeam "Spg Sauwald"]
[BlackTeam "ASVOE Wulkaprodersdorf"]

1.Nf3 d5 2.g3 g6 3.Bg2 Bg7 4.d4 Nf6 5.O-O O-O 6.c4 dxc4 7.Na3 a5 8.Nxc4 Be6 9.b3 Bd5
10.a4 Nc6 11.Bb2 Nb4 12.e3 c6 13.Qe2 Be4 14.Nfe5 Bxg2 15.Kxg2 b5 16.Nd2 Nd7 17.Nef3
Qb8 18.Rfd1 Rd8 19.Ne4 Nf6 20.Nc5 Nd7 21.Rac1 e6 22.Ba3 Nxc5 23.Rxc5 Bf8 24.Bxb4 axb4
25.Rxc6 bxa4 26.bxa4 Rxa4 27.Qc4 Qa8 28.Rc1 Rb8 29.Rc8 Rxc8 30.Qxc8 Kg7 31.Qxa8 Rxa8
32.Rb1 Bd6 33.Ne5 Bxe5 34.dxe5 Rb8 35.Rb3 f6 36.f4 fxe5 37.fxe5 Kf7 38.Kf3 Ke7 39.Ke4
Kd7 40.Kd4 Kc6 41.Kc4 Rb5 42.Rd3 Rxe5 43.Kxb4 Rd5 44.Rd4 Kd6 45.Kc4 Ke5 46.Rxd5+ 1/2-1/2

[Event "1. Bundesliga 2015/2016"]
[Site "Jenbach"]
[Date "2016.03.31"]
[Round "9"]
[Board "2"]
[White "Schneider, Ilja"]
[Black "Testor, Sebastian"]
[Result "1-0"]
[WhiteElo "2505"]
[BlackElo "2330"]
[PlyCount "111"]
[EventDate "2015.11.05"]
[EventType "team"]
[EventRounds "11"]
[EventCountry "AUT"]
[WhiteTeam "ASVOE Wulkaprodersdorf"]
[BlackTeam "Spg Sauwald"]

1.d4 e6 2.e4 d5 3.Bd3 dxe4 4.Bxe4 Nf6 5.Bf3 c5 6.Ne2 Nc6 7.Be3 cxd4 8.Nxd4 Ne5 9.Nc3
Be7 10.O-O O-O 11.Be2 Bd7 12.f4 Nc6 13.Bf3 Nxd4 14.Qxd4 Qc7 15.Rad1 Bc6 16.Qe5 Rfc8
17.Qxc7 Rxc7 18.Bd4 Bxf3 19.Rxf3 Bc5 20.Nb5 Bxd4+ 21.Nxd4 a6 22.Rfd3 g6 23.c3 Rac8
24.g3 Rd7 25.Nc2 Rxd3 26.Rxd3 Nd5 27.Kf2 Kf8 28.Ne3 Nxe3 29.Kxe3 Ke7 30.Rd4 Rc5 31.Rb4
b5 32.a4 h5 33.axb5 axb5 34.Rd4 f6 35.Kd3 Rc8 36.Rb4 Rc5 37.b3 Kd6 38.Rd4+ Ke7 39.b4
Rc7 40.c4 bxc4+ 41.Rxc4 Ra7 42.Rc2 Kd6 43.Kc4 Kc6 44.b5+ Kb6 45.Kb4 Re7 46.Rc6+ Kb7
47.Kc5 e5 48.Rb6+ Kc7 49.Rc6+ Kd8 50.Rxf6 e4 51.Rd6+ Ke8 52.Rd2 e3 53.Re2 Kf7 54.Kd4
Rb7 55.Kc4 Rc7+ 56.Kd3 1-0

[Event "1. Bundesliga 2015/2016"]
[Site "Jenbach"]
[Date "2016.03.31"]
[Round "9"]
[Board "3"]
[White "Hiermann, Dietmar"]
[Black "Maksimenko, Andrei"]
[Result "0-1"]
[WhiteElo "2270"]
[BlackElo "2478"]
[PlyCount "84"]
[EventDate "2015.11.05"]
[EventType "team"]
[EventRounds "11"]
[EventCountry "AUT"]
[WhiteTeam "Spg Sauwald"]
[BlackTeam "ASVOE Wulkaprodersdorf"]

1.e4 c5 2.Nf3 a6 3.c4 e6 4.Nc3 Qc7 5.g3 d6 6.Bg2 Nd7 7.O-O Ngf6 8.b3 Be7 9.Qe2 b6
10.Bb2 Bb7 11.Ne1 g5 12.f4 gxf4 13.Rxf4 Rg8 14.Nc2 Ne5 15.Raf1 Nfd7 16.Nd1 Bg5 17.R4f2
O-O-O 18.Nde3 Kb8 19.Bc3 Ka8 20.a3 Bc6 21.d3 Rdf8 22.b4 Rg6 23.Nd1 Bf6 24.Bxe5 dxe5
25.Nc3 Bb7 26.Rf3 Qd6 27.R1f2 Qe7 28.Qf1 h5 29.Kh1 Ka7 30.bxc5 bxc5 31.Na1 Qd8 32.Nb3
h4 33.Na4 hxg3 34.hxg3 Be7 35.Rb2 f6 36.Qf2 Qc7 37.Bh3 Rh8 38.Kg2 f5 39.exf5 Rgh6
40.Nbxc5 Bxf3+ 41.Qxf3 Nxc5 42.Nxc5 Bxc5 0-1

[Event "1. Bundesliga 2015/2016"]
[Site "Jenbach"]
[Date "2016.03.31"]
[Round "9"]
[Board "4"]
[White "Volkmann, Friedrich Karl"]
[Black "Hellmayr, Alois"]
[Result "1/2-1/2"]
[WhiteElo "2433"]
[BlackElo "2248"]
[PlyCount "83"]
[EventDate "2015.11.05"]
[EventType "team"]
[EventRounds "11"]
[EventCountry "AUT"]
[WhiteTeam "ASVOE Wulkaprodersdorf"]
[BlackTeam "Spg Sauwald"]

1.e4 c5 2.Nf3 e6 3.d4 cxd4 4.Nxd4 a6 5.Bd3 Qb6 6.Nb3 Qc7 7.O-O Nf6 8.f4 d6 9.a4 b6
10.Qe2 Nc6 11.c3 Be7 12.Be3 e5 13.f5 d5 14.N1d2 Bb7 15.Rad1 Na5 16.Nxa5 bxa5 17.exd5
Nxd5 18.Kh1 O-O 19.Ne4 Nxe3 20.Qxe3 f6 21.Qe2 Rfd8 22.Bc4+ Kh8 23.Rxd8+ Qxd8 24.Rd1
Qe8 25.b3 Rd8 26.Rxd8 Qxd8 27.h3 Qc8 28.Bd3 g6 29.Ng3 Qxc3 30.fxg6 Qc1+ 31.Kh2 Bc5
32.Nf1 Qf4+ 33.Ng3 Bf2 34.Qg4 Bxg3+ 35.Qxg3 Qxg3+ 36.Kxg3 e4 37.Be2 hxg6 38.h4 Kg7
39.Kf4 f5 40.h5 Kf6 41.hxg6 Kxg6 42.g4 1/2-1/2

[Event "1. Bundesliga 2015/2016"]
[Site "Jenbach"]
[Date "2016.03.31"]
[Round "9"]
[Board "5"]
[White "Renner, Christoph"]
[Black "Mesaros, Florian"]
[Result "0-1"]
[WhiteElo "2326"]
[BlackElo "2307"]
[PlyCount "52"]
[EventDate "2015.11.05"]
[EventType "team"]
[EventRounds "11"]
[EventCountry "AUT"]
[WhiteTeam "Spg Sauwald"]
[BlackTeam "ASVOE Wulkaprodersdorf"]

1.d4 d5 2.Bf4 c5 3.e3 Nf6 4.c3 Nc6 5.Nd2 cxd4 6.exd4 Bf5 7.Ngf3 e6 8.Qb3 Qc8 9.Nh4
Bg4 10.h3 Bh5 11.g4 Bg6 12.Nxg6 hxg6 13.Bh2 a6 14.Bg2 g5 15.O-O Qd7 16.Rae1 b5 17.Qd1
Bd6 18.Bxd6 Qxd6 19.Nb3 Rh4 20.f3 Qg3 21.Nc1 Rxh3 22.Ne2 Qh2+ 23.Kf2 Ne4+ 24.fxe4
dxe4 25.Ng1 Qg3+ 26.Ke2 Qe3# 0-1

[Event "1. Bundesliga 2015/2016"]
[Site "Jenbach"]
[Date "2016.03.31"]
[Round "9"]
[Board "6"]
[White "Wallner, Joachim"]
[Black "Taggatz, Mario"]
[Result "1-0"]
[WhiteElo "2311"]
[BlackElo "2209"]
[PlyCount "95"]
[EventDate "2015.11.05"]
[EventType "team"]
[EventRounds "11"]
[EventCountry "AUT"]
[WhiteTeam "ASVOE Wulkaprodersdorf"]
[BlackTeam "Spg Sauwald"]

1.b3 d5 2.Bb2 Bg4 3.h3 Bh5 4.Nf3 Bxf3 5.exf3 e6 6.g3 Nf6 7.Bg2 g6 8.f4 Bg7 9.d3 O-O
10.O-O c5 11.Nd2 Nc6 12.Nf3 Rc8 13.Ne5 Nd4 14.Re1 Nd7 15.c4 Nxe5 16.fxe5 dxc4 17.dxc4
Qc7 18.Bxd4 Rfd8 19.Qf3 Rxd4 20.Qxb7 Qxb7 21.Bxb7 Rcd8 22.Re2 g5 23.Rae1 a5 24.Kg2
Kf8 25.Re3 Ke7 26.R1e2 h6 27.Bc6 Rc8 28.Bb5 Rcd8 29.a3 Rd2 30.f4 Rxe2+ 31.Rxe2 Rd3
32.Ba4 gxf4 33.gxf4 f6 34.exf6+ Bxf6 35.f5 Rd6 36.b4 axb4 37.axb4 cxb4 38.c5 Ra6 39.Bb5
Ra5 40.Rxe6+ Kf7 41.Rb6 Ra2+ 42.Kf3 Rc2 43.Bd3 Rxc5 44.Rxb4 Re5 45.Bc4+ Kg7 46.Be6
h5 47.Rb8 Bg5 48.Rg8+ 1-0

[Event "1. Bundesliga 2015/2016"]
[Site "Jenbach"]
[Date "2016.03.31"]
[Round "9"]
[Board "1"]
[White "Ragger, Markus"]
[Black "Luther, Thomas"]
[Result "1-0"]
[WhiteElo "2697"]
[BlackElo "2558"]
[PlyCount "65"]
[EventDate "2015.11.05"]
[EventType "team"]
[EventRounds "11"]
[EventCountry "AUT"]
[WhiteTeam "SC MPOE Maria Saal"]
[BlackTeam "Schachklub Absam"]

1.d4 e6 2.c4 Nf6 3.Nf3 c5 4.d5 exd5 5.cxd5 d6 6.Nc3 g6 7.Bf4 a6 8.a4 Bg7 9.h3 O-O
10.e3 Re8 11.Nd2 Nbd7 12.Be2 Ne5 13.Bh2 Bd7 14.O-O b5 15.axb5 axb5 16.Nxb5 Qb6 17.Nc3
Qxb2 18.Rc1 Bf5 19.e4 Bc8 20.f4 Ned7 21.Nc4 Qb4 22.Nxd6 Nxe4 23.Ncxe4 Rxe4 24.Nxe4
Qxe4 25.Kh1 Nf6 26.Bf3 Qb4 27.Rb1 Qa5 28.Bg1 Qd8 29.d6 Ra5 30.Qe1 Bf8 31.Rb8 Ra7 32.Bxc5
Rd7 33.Bb6 1-0

[Event "1. Bundesliga 2015/2016"]
[Site "Jenbach"]
[Date "2016.03.31"]
[Round "9"]
[Board "2"]
[White "Bayer, Bernhard"]
[Black "Predojevic, Borki"]
[Result "0-1"]
[WhiteElo "2429"]
[BlackElo "2654"]
[PlyCount "116"]
[EventDate "2015.11.05"]
[EventType "team"]
[EventRounds "11"]
[EventCountry "AUT"]
[WhiteTeam "Schachklub Absam"]
[BlackTeam "SC MPOE Maria Saal"]

1.d4 Nf6 2.Nf3 g6 3.Bf4 Bg7 4.c3 O-O 5.h3 c5 6.e3 d6 7.Nbd2 Nc6 8.Be2 cxd4 9.exd4
Be6 10.O-O Qb6 11.Ng5 Bf5 12.Nc4 Qc7 13.Re1 h6 14.Nf3 Nd5 15.Bg3 Rad8 16.Bd3 Bxd3
17.Qxd3 Rfe8 18.Ne3 Nxe3 19.Qxe3 e5 20.Rad1 f5 21.dxe5 dxe5 22.Rxd8 Qxd8 23.Nd4 Qb6
24.Nxc6 bxc6 25.Qxb6 axb6 26.f3 Kf7 27.Rd1 Ke6 28.Bf2 b5 29.Bc5 Bf8 30.Bxf8 Rxf8 31.Kf2
h5 32.Ke3 h4 33.a3 Ra8 34.Rd3 c5 35.Kd2 c4 36.Re3 Kd5 37.Re2 Re8 38.Ke3 g5 39.Rd2+
Ke6 40.Ke2 Rg8 41.Rd1 g4 42.hxg4 fxg4 43.Rh1 gxf3+ 44.Kxf3 Rg3+ 45.Kf2 Rg4 46.a4 Rf4+
47.Ke3 bxa4 48.Ra1 Kf5 49.Rxa4 Kg4 50.Ra5 Kg3 51.Rxe5 Rg4 52.b3 cxb3 53.Rb5 Kxg2 54.Rxb3
h3 55.Rb2+ Kg3 56.Kd3 h2 57.Rb1 Kg2 58.Rb2+ Kh3 0-1

[Event "1. Bundesliga 2015/2016"]
[Site "Jenbach"]
[Date "2016.03.31"]
[Round "9"]
[Board "3"]
[White "Buhmann, Rainer"]
[Black "Dizdar, Goran"]
[Result "1-0"]
[WhiteElo "2645"]
[BlackElo "2512"]
[PlyCount "81"]
[EventDate "2015.11.05"]
[EventType "team"]
[EventRounds "11"]
[EventCountry "AUT"]
[WhiteTeam "SC MPOE Maria Saal"]
[BlackTeam "Schachklub Absam"]

1.d4 Nf6 2.c4 e6 3.Nf3 d5 4.g3 Bb4+ 5.Bd2 Be7 6.Bg2 O-O 7.O-O c6 8.Qc2 Nbd7 9.Rd1
a5 10.Bf4 h6 11.b3 Nh5 12.Bc1 b5 13.Ne5 Bb7 14.Nc3 Nhf6 15.e4 Rc8 16.exd5 exd5 17.Bf4
Re8 18.Qf5 Bb4 19.Rac1 bxc4 20.bxc4 Nf8 21.Na4 Ne6 22.Be3 Bd6 23.Ng4 Nxg4 24.Qxg4
Rc7 25.Qh5 Bf8 26.Qf5 g6 27.Qb1 Ba6 28.cxd5 cxd5 29.Rxc7 Nxc7 30.Qb6 Be2 31.Rc1 Na6
32.Qb2 Bc4 33.Nb6 Nb4 34.Nxc4 Nd3 35.Qc2 Nxc1 36.Ne5 Qc8 37.Qxc1 Qxc1+ 38.Bxc1 Rc8
39.Bd2 Bb4 40.Bxh6 Kh7 41.Be3 1-0